Historia religionum. Manual de historia de las religiones. II Religiones del presente / C. Jouco Bleeker, Geo Widengren, Directores (Registro nro. 32822)
[ vista simple ]
| 000 -LÍDER | |
|---|---|
| Campo fijo de descripción fija | 010540000a22002050004500 |
| 020 ## - NÚMERO INTERNACIONAL NORMALIZADO PARA LIBROS | |
| Número Internacional Normalizado del libro | 84-7057-143-5 |
| 041 0# - CÓDIGO DE IDIOMA | |
| Código de idioma para texto/pista de sonido o título separado | |
| 082 04 - NÚMERO DE CLASIFICACIÓN DECIMAL DEWEY | |
| Número de clasificación | G 209 B6466i |
| 001 - NÚMERO DE CONTROL | |
| Campo de control | 1502 |
| 245 10 - TÍTULO | |
| Título del Material | Historia religionum. Manual de historia de las religiones. II Religiones del presente / C. Jouco Bleeker, Geo Widengren, Directores |
| 260 ## - PUBLICACIÓN, DISTRIBUCIÓN, ETC. (PIE DE IMPRENTA) | |
| Lugar de publicación, distribución, etc. | Huesca, Madrid, España : Cristiandad |
| 300 ## - DESCRIPCIÓN FÍSICA | |
| Extensión | 697 Pag. |
| 336 ## - CONTENT TYPE | |
| Content type term | texto |
| Content type code | txt |
| Source | rdacontent |
| 337 ## - MEDIA TYPE | |
| Source | rdamedia |
| Media type term | sin mediación |
| Media type code | n |
| 338 ## - CARRIER TYPE | |
| Source | rdacarrier |
| Carrier type term | volumen |
| Carrier type code | nc |
| 500 ## - NOTA GENERAL | |
| Nota General | Título original : Historia religionum. Handbook for the history of religions. II Religions of the present |
| 505 00 - NOTA DE CONTENIDO | |
| Nota de contenido con formato preestablecido | R. J. Zwi Werblowsky: juadaísmo -- C. W. Mönnich: cristianismo -- A. Schimmel: el Islam -- M. Boyce: Zoroastrismo -- R.N. Dandekar: Hinduismo -- C.Della Casa: jainismo -- A. Wayman: budismo -- H. Steininger: religiones de China -- C. Blacker: religiones del Japón -- E. G. Parrinder: religiones de los pueblos sin escritura -- C.J. Bleeker: Epilegómena |
| 650 14 - ASIENTO SECUNDARIO DE MATERIA - TERMINO TEMÁTICO | |
| Término temático o nombre geográfico como elemento de entrada | RELIGIONES - HISTORIA |
| 942 ## - TIPO DE MATERIAL (KOHA) | |
| Tipo de Item KOHA | Libros General |
| Estado de Material | Estado de Perdido | Forma de Clasificación | Estado de Dañado | No para Préstamo | Colección | Biblioteca de Origen | Biblioteca Permanente | Fecha de Adquisición | Total de Préstamos | Signatura Topográfica | Código de Barras | Última vez visto | Última vez Préstado | Ejemplar/Existencia | Fecha de Remplazo | Tipo de Material | Total de Renovaciones |
|---|---|---|---|---|---|---|---|---|---|---|---|---|---|---|---|---|---|
| Dewey Decimal Classification | Colección General | Biblioteca FUSBC | Biblioteca FUSBC | 06/04/2005 | 2 | G 209 B6466i | 15207 | 12/12/2019 | 27/05/2019 | t.2,ej.2 | 26/01/2016 | Libros General | |||||
| Dewey Decimal Classification | Colección General | Biblioteca FUSBC | Biblioteca FUSBC | 20/10/2004 | 3 | G 209 B6466i | 990 | 12/12/2019 | 01/06/2017 | t.2,ej.1 | 26/01/2016 | Libros General | 1 |
